000 00842cam a2200265 4500
001 4071357
003 OSt
005 20230619105525.0
008 690801s1969 maua b 001 0 eng
010 _a 70005203
040 _aDLC
_cDLC
_dDLC
050 0 0 _aHM51
_b.O3 1969
082 0 0 _a301
_bO'BR
100 1 _aO'Brien, Robert W.
_q(Robert William),
_d1907-1991.
245 1 0 _aReadings in general sociology
_c[by] Robert W. O'Brien, Clarence C. Schrag [and] Walter T. Martin.
250 _a4th ed.
260 _aBoston,
_bHoughton Mifflin
_c[1969]
300 _axii, 545 p.
_billus.
_c26 cm.
504 _aBibliographical footnotes.
650 0 _aSociology.
700 1 _aSchrag, Clarence C.,
_d1918-2009,
_ejoint ed.
700 1 _aMartin, Walter T.,
_ejoint ed.
906 _a7
_bcbc
_corignew
_du
_encip
_f19
_gy-gencatlg
942 _2ddc
_cBK
999 _c1225
_d1225